Service matters in central government jobs: (Record no. 22476)
[ view plain ]
| 000 -LEADER | |
|---|---|
| fixed length control field | 00978cam a22002295a 4500 |
| 005 - DATE AND TIME OF LATEST TRANSACTION | |
| control field | 20081020032651.0 |
| 008 - FIXED-LENGTH DATA ELEMENTS--GENERAL INFORMATION | |
| fixed length control field | 081003s2008 ii ab b 001 0 eng |
| 010 ## - LCCN (DPL NO) | |
| LC control number | ENG-92623 |
| 020 ## - INTERNATIONAL STANDARD BOOK NUMBER | |
| Terms of availability | 150.00 |
| 035 ## - SYSTEM CONTROL NUMBER | |
| System control number | EN-76156 |
| 037 ## - SOURCE OF ACQUISITION | |
| Source of stock number/acquisition | DBAD / PUB |
| 040 ## - CATALOGING SOURCE | |
| Original cataloging agency | dpl |
| Language of cataloging | English |
| 082 ## - DEWEY DECIMAL CLASSIFICATION NUMBER | |
| Classification number | 342.540686 |
| 100 ## - MAIN ENTRY--PERSONAL NAME | |
| Personal name | Venkataraman, M. |
| 245 ## - TITLE STATEMENT | |
| Title | Service matters in central government jobs: |
| Statement of responsibility, etc | by M. Venkataraman |
| Remainder of title | an introduction for new/prospective entrants to central government jobs / |
| 260 ## - PUBLICATION, DISTRIBUTION, ETC. (IMPRINT) | |
| Place of publication, distribution, etc | Chennai |
| Name of publisher, distributor, etc | M. Venkataraman |
| Date of publication, distribution, etc | (200?) |
| 270 ## - ADDRESS | |
| Address | F-2, Navin Madhuvandhan, 94, Brindavan Street, West Mambalam, |
| City | Chennai |
| Postal code | 600033 |
| 300 ## - PHYSICAL DESCRIPTION | |
| Extent | viii, 152p. |
| Dimensions | 22cm (pbk) |
| 651 ## - SUBJECT ADDED ENTRY--GEOGRAPHIC NAME | |
| Geographic name | India |
| General subdivision | Officials and employees |
| -- | Salaries, etc. |
| 942 ## - ADDED ENTRY ELEMENTS (KOHA) | |
| Source of classification or shelving scheme | Dewey Decimal Classification |
| Item type | English Books |
| Call number suffix | VEN |
| Classification part | 342.540686 |
| Withdrawn status | Lost status | Source of classification or shelving scheme | Damaged status | Not for loan | Collection code | Home library | Current library | Date acquired | Source of acquisition | Cost, normal purchase price | Total Checkouts | Full call number | Barcode | Date last seen | Copy number | Cost, replacement price | Koha item type |
|---|---|---|---|---|---|---|---|---|---|---|---|---|---|---|---|---|---|
| Dewey Decimal Classification | Not For Loan | Non-fiction | D.B.Act.Division | D.B.Act.Division | 27/01/2009 | DBAD / PUB | 150.00 | 342.540686 VEN | EN-76156 | 27/01/2009 | 1 | 150.00 | English Books |
